000
00390nam a22001697a 4500
003
MPLRDC
005
20220104114400.0
008
210129b ||||| |||| 00| 0 eng d
082
_a
857.623 PLS
100
_a
蒲留生著
245
_a
石尸追仇
_c
260
_a
_b
新生出版社
_c
300
_b
平
490
_a
民间鬼狐怪谈丛书
650
_a
942
_c
BK
_o
857.623 PLS
999
_c
7039
_d
7029